Random Geography Trivia Pt. 3 - Statistics

General Stats
  • This quiz has been taken 39 times
    26 since last reset
  • The average score is 19 of 39
Answer Stats
Hint Answer % Correct
Name the only 2 landlocked countries in the Americas. Paraguay
91%
Name all the countries who are geographically part of both Asia and Europe. Russia
87%
Name every country in Europe that starts with the letter 'S'. Spain
83%
Name the only 2 landlocked countries in the Americas. Bolivia
78%
Name every country in Europe that starts with the letter 'S'. Sweden
78%
Name every country in Europe that starts with the letter 'S'. Switzerland
78%
Name all the countries who are geographically part of both Asia and Europe. Turkey
78%
Name the biggest lake in North America. Lake Superior
74%
Name every country in Europe that starts with the letter 'S'. Slovakia
74%
Name every country in Europe that starts with the letter 'S'. Slovenia
74%
Name the 3 biggest lakes in Africa. Lake Victoria
70%
Name the only 2 doubly land-locked countries. Liechtenstein
70%
Name every country in Europe that starts with the letter 'S'. Serbia
65%
Name the only 2 mainland North American countries that do NOT touch 2 oceans. El Salvador
61%
Name all the countries who are geographically part of both Asia and Europe. Georgia
61%
The equator passes through the land of how many countries? 11
57%
Name all the countries who are geographically part of both Asia and Europe. Azerbaijan
57%
Name the only 2 mainland North American countries that do NOT touch 2 oceans. Belize
57%
Name the biggest lake in Asia (not counting inland seas). Lake Baikal
57%
Name the biggest lake in South America. Lake Titicaca
57%
Name the Westernmost city on mainland Africa. Dakar, Senegal
52%
Name the country where the world's first and largest spaceport is located. Kazakhstan
52%
Name all the countries who are geographically part of both Asia and Europe. Kazakhstan
52%
Name every country in Europe that starts with the letter 'S'. San Marino
52%
Name the 3 biggest lakes in Africa. Lake Malawi
48%
Name the 3 biggest lakes in Africa. Lake Tanganyika
48%
Name the only 2 doubly land-locked countries. Uzbekistan
48%
Name the 3 biggest cities in China that start with the letter 'C'. Chengdu
43%
Name the 3 biggest cities in China that start with the letter 'C'. Chongqing
43%
Name the Easternmost city in North America (excluding Greenland). St. John's, Canada
26%
Name the 3 biggest cities in China that start with the letter 'C'. Changsha
17%
Name the 5 non-island pene-exclaves in the United States (areas only accessible via another county if traveling by land). Point Roberts, WA
9%
Name the world's Southernmost municipality. Ushuaia, Argentina
9%
Name the 6th U.S. pene-exclave that is no longer technically an exclave due to bridge connections. Alburgh Tongue, VT
0%
Name the 5 non-island pene-exclaves in the United States (areas only accessible via another county if traveling by land). Elm Point, MN
0%
Name the world's Northernmost municipality. Longyearbyen, Norway
0%
Name the 5 non-island pene-exclaves in the United States (areas only accessible via another county if traveling by land). Northwest Angle, MN
0%
Name the 5 non-island pene-exclaves in the United States (areas only accessible via another county if traveling by land). Province Point, VT
0%
Where is Cape Disappointment? South Georgia
0%
No matching quizzes found
Score Distribution
Percent of People with Each Score
Percentile by Number Answered
Your Score History
You have not taken this quiz since the last reset